000 00280nam a22001097a 4500
082 _a294
100 _aVidyabhusana , Satish Chandra
_979960
245 _aNyayadarsana of Gotama
260 _aDelhi
_bNew Bharatiya Book Corporation
_c2016
650 _aReligion
_979961
942 _cBK
999 _c63494
_d63494